La conquista de la transición (1960-1978) : (Record no. 90305)

MARC details
000 -LEADER
campo de control de longitud fija 01255nam a2200289 i 4500
001 - NÚMERO DE CONTROL
campo de control 90305
003 - IDENTIFICADOR DE NÚMERO DE CONTROL
campo de control ES-MaACL
005 - FECHA Y HORA DE LA ÚLTIMA TRANSACCIÓN
campo de control 20240131131052.0
007 - CAMPO FIJO DE DESCRIPCIÓN FÍSICA--INFORMACIÓN GENERAL
campo de control de longitud fija t|
008 - DATOS DE LONGITUD FIJA--INFORMACIÓN GENERAL
campo de control de longitud fija 220627s2021 sp f 00110 spa d
020 ## - NÚMERO INTERNACIONAL ESTÁNDAR DEL LIBRO
Número Internacional Estándar del Libro 978-84-1381-156-7
100 1# - ENTRADA PRINCIPAL--NOMBRE DE PERSONA
Nombre de persona Alzaga Villaamil, Óscar,
Fechas asociadas al nombre 1942-
9 (RLIN) 21051
245 13 - MENCIÓN DEL TÍTULO
Título La conquista de la transición (1960-1978) :
Resto del título memorias documentadas /
Mención de responsabilidad, etc. Óscar Alzaga Villaamil.
260 ## - PUBLICACIÓN, DISTRIBUCIÓN, ETC.
Lugar de publicación, distribución, etc. Madrid :
Nombre del editor, distribuidor, etc. Marcial Pons,
Fecha de publicación, distribución, etc. 2021.
300 ## - DESCRIPCIÓN FÍSICA
Extensión 589 p., [16] p. de lám. ;
Dimensiones 24 cm.
500 ## - NOTA GENERAL
Nota general Índice onomástico.
594 ## - Nota al título y mención de responsabilidad
Nota al título y mención de responsabilidad Libro presentado en el Salón de Actos del Ateneo de Madrid el miércoles 24 de noviembre de 2021
651 #4 - PUNTO DE ACCESO ADICIONAL DE MATERIA--NOMBRE GEOGRÁFICO
Nombre geográfico España-
Subdivisión general Historia-
Subdivisión cronológica 1955-1975.
9 (RLIN) 8337
651 #4 - PUNTO DE ACCESO ADICIONAL DE MATERIA--NOMBRE GEOGRÁFICO
Nombre geográfico España-
Subdivisión general Historia-
Subdivisión cronológica 1975-1982, Transición.
9 (RLIN) 149272
651 #4 - PUNTO DE ACCESO ADICIONAL DE MATERIA--NOMBRE GEOGRÁFICO
Nombre geográfico España-
Subdivisión general Política y gobierno-
Subdivisión cronológica 1939-1975.
9 (RLIN) 8445
651 #4 - PUNTO DE ACCESO ADICIONAL DE MATERIA--NOMBRE GEOGRÁFICO
Nombre geográfico España-
Subdivisión general Política y gobierno-
Subdivisión cronológica 1975-1982.
9 (RLIN) 8447
852 4# - LOCALIZACIÓN
Ubicación ES-MaACL
Número de control de estantería A-14963
itemnumber 93613
Sublocalización o colección R.153183
Ubicación en estantería Depósito 1
Signatura antigua Olim: N-7963
Anotaciones manuscritas Dedicatoria autógrafa del autor a Luis Arroyo, presidente del Ateneo
Donativo/Legado Donación: Oscar Alzaga Villaamil
903 ## - NOMBRE PERSONAL DE DONANTE
9 21051
a Alzaga Villaamil, Óscar,
d 1942-
e Donante
942 ## - ELEMENTOS DE ENTRADA SECUNDARIOS (KOHA)
Fuente del sistema de clasificación o colocación Clasificación decimal universal
Tipo de ítem Koha Libro impreso
Holdings
Estatus retirado Estado de pérdida Fuente del sistema de clasificación o colocación Estado de daño No para préstamo Colección Biblioteca de origen Biblioteca actual Ubicación en estantería Fecha de adquisición Fuente de adquisición Total de préstamos Signatura topográfica completa Código de barras Visto por última vez Precio de reemplazo Tipo de ítem Koha Nota pública
    Clasificación decimal universal     Libros con dedicatorias Biblioteca del Ateneo de Madrid Biblioteca del Ateneo de Madrid Depósito 1 27/06/2022 Donación   A-14963 1203013 23/02/2023 23/02/2023 Libro impreso Dedicatoria autógrafa del autor , al presidente del Ateneo de Madrid Luis Arroyo